000 00476nam a22001937a 4500
005 20250320152601.0
008 250320b |||||||| |||| 00| 0 eng d
020 _a9789332571624
_c1070.00
040 _aMAIN
041 _aEnglish
082 _a575.1
_bRUS
100 _aRussell, Peter J
_93853
245 _aI Genetics
_b: A molecular approach
250 _a3rd
260 _aNoida
_bPearson
_c2022
300 _a857
650 _aBiological Science
_914046
942 _cBK
999 _c59505
_d59505